Aplikácia modelu podnikovej kultúry vo vybraných podnikoch Východoslovenského regiónu

Saved in:
Bibliographic Details
Main Author: Bašistová, Alena
Format: Book Chapter
Language:Slovak
Tags: Add Tag
No Tags, Be the first to tag this record!

MARC

LEADER 00000naa$a2200000$$$4500
001 0177431
005 20240502073024.4
041 0 |a slo 
044 |a SK 
245 1 0 |a Aplikácia modelu podnikovej kultúry vo vybraných podnikoch Východoslovenského regiónu  |c Alena Bašistová 
100 1 |a Bašistová, Alena